书目信息 |
| 题名: |
国家环境保护政策读本
|
|
| 作者: | 陈吉宁 , 马建堂 主编 | |
| 分册: | ||
| 出版信息: | 北京 国家行政学院出版社 2017.03 |
|
| 页数: | 272页 | |
| 开本: | 24cm | |
| 丛书名: | ||
| 单 册: | ||
| 中图分类: | X-012 | |
| 科图分类: | ||
| 主题词: | 环境保护政策--中国--学习参考资料 | |
| 电子资源: | ||
| ISBN: | 978-7-5150-1938-3 | |
| 000 | 01044nam0 2200253 450 | |
| 001 | 1106 | |
| 005 | 20180929083251.12 | |
| 010 | @a978-7-5150-1938-3@dCNY68.00 | |
| 100 | @a20170802d2017 em y0chiy50 ea | |
| 101 | 0 | @achi |
| 102 | @aCN@b110000 | |
| 105 | @aa z 000yy | |
| 200 | 1 | @a国家环境保护政策读本@9guo jia huan jing bao hu zheng ce du ben@f陈吉宁,马建堂主编 |
| 205 | @a2版 | |
| 210 | @a北京@c国家行政学院出版社@d2017.03 | |
| 215 | @a272页@c图@d24cm | |
| 300 | @a国家行政学院政策读本 | |
| 330 | @a本本坚持以习近平总书记系列重要讲话精神为统领,紧密围绕”五位一体”总体布局和”四个全面”战略布局,从生态文明建设、环境法律体系、环境管理的主要手段和大气、水、土壤污染防治以及核安全、环境国际公约履约等十方面,集中概要反映了新时期新阶段我国生态文明建设和环境保护的决策部署和创新要求,突出体现环境保护领域工作重点。 | |
| 606 | 0 | @a环境保护政策@y中国@j学习参考资料 |
| 690 | @aX-012@v5 | |
| 701 | 0 | @a陈吉宁@9chen ji ning@4主编 |
| 701 | 0 | @a马建堂@9ma jian tang@4主编 |
| 801 | 0 | @aCN@b91MARC@c20170802 |
| 905 | @aMuseLib@dX-012@e234=2 | |
| 国家环境保护政策读本/陈吉宁,马建堂主编.-2版.-北京:国家行政学院出版社,2017.03 |
| 272页:图;24cm |
| 国家行政学院政策读本 |
| ISBN 978-7-5150-1938-3:CNY68.00 |
| 本本坚持以习近平总书记系列重要讲话精神为统领,紧密围绕”五位一体”总体布局和”四个全面”战略布局,从生态文明建设、环境法律体系、环境管理的主要手段和大气、水、土壤污染防治以及核安全、环境国际公约履约等十方面,集中概要反映了新时期新阶段我国生态文明建设和环境保护的决策部署和创新要求,突出体现环境保护领域工作重点。 |
| ● |
| 相关链接 |
|
|
|
|
正题名:国家环境保护政策读本
索取号:X-012/234=2
 
预约/预借
| 序号 | 登录号 | 条形码 | 馆藏地/架位号 | 状态 | 备注 |
| 1 | 1121194 | 211211945 | 第二样本阅览室/ [索取号:X-012/234=2] | 在馆 | |
| 2 | 1121195 | 211211954 | 第三借阅区/ [索取号:X-012/234=2] | 在馆 | |
| 3 | 1121196 | 211211963 | 资源管理系资料室/ [索取号:X-012/234=2] | 在馆 | |
| 4 | 1121197 | 211211972 | 第三借阅区/ [索取号:X-012/234=2] | 在馆 | |
| 5 | 1121198 | 211211981 | 第三借阅区/ [索取号:X-012/234=2] | 在馆 |